| 000 | 00701nam a2200217 i 4500 | ||
|---|---|---|---|
| 001 | 9153 | ||
| 003 | ES-MaACL | ||
| 005 | 20230906145621.0 | ||
| 007 | t| | ||
| 008 | 930520s1988 fr b |||| | fre d | ||
| 020 | _a3-598-30990-2 | ||
| 080 | _a015(44)"1926/1929" | ||
| 245 | 0 | 0 |
_aCatalogue général des ouvrages en langue française 1926-1929 / _cpublié sous la direction de Bernard Dermineur. |
| 260 |
_aMünchen : _bSaur, _c1988. |
||
| 300 |
_a2 v. ; _c24 cm. |
||
| 505 | 8 |
_aContiene: 1 ; _tTitres 1: A-K - 2 ; _tTitres 2: L-Z |
|
| 650 | 1 | 4 |
_aLibros franceses- _vBibliografías. _9157238 |
| 700 | 1 |
_aDermineur, Bernard, _edir. _9195863 |
|
| 852 |
_aES-MaACL _jL-16640-41 |
||
| 999 |
_c9153 _d9153 |
||